Applied Statistics and Probability for Engineers / (Record no. 15623)
[ view plain ]
| 000 -LEADER | |
|---|---|
| fixed length control field | 01430cam a22003854a 4500 |
| 001 - CONTROL NUMBER | |
| control field | 14139643 |
| 005 - DATE AND TIME OF LATEST TRANSACTION | |
| control field | 20240818092941.0 |
| 008 - FIXED-LENGTH DATA ELEMENTS--GENERAL INFORMATION | |
| fixed length control field | 051013s2011 njua |r 001 0deng |
| 010 ## - | |
| -- | 2005056261 |
| 015 ## - | |
| -- | GBA612397 |
| -- | bnb |
| 020 ## - INTERNATIONAL STANDARD BOOK NUMBER | |
| International Standard Book Number | 0470505788 |
| 020 ## - INTERNATIONAL STANDARD BOOK NUMBER | |
| International Standard Book Number | 9780470505786 |
| 035 ## - SYSTEM CONTROL NUMBER | |
| System control number | (OCoLC)ocm62089996 |
| 040 ## - CATALOGING SOURCE | |
| Original cataloging agency | DLC |
| Transcribing agency | DLC |
| Modifying agency | BAKER |
| -- | UKM |
| -- | C#P |
| -- | DLC |
| 042 ## - | |
| -- | pcc |
| 050 00 - LIBRARY OF CONGRESS CALL NUMBER | |
| Classification number | QA276.12 |
| Item number | .M645 2007 |
| 082 00 - DEWEY DECIMAL CLASSIFICATION NUMBER | |
| Classification number | 519.5 |
| Edition number | 22 |
| Item number | MON |
| 100 1# - MAIN ENTRY--PERSONAL NAME | |
| Personal name | Montgomery, Douglas C. |
| 9 (RLIN) | 25469 |
| 245 10 - TITLE STATEMENT | |
| Title | Applied Statistics and Probability for Engineers / |
| Statement of responsibility, etc | Douglas C. Montgomery, George C. Runger. |
| 250 ## - EDITION STATEMENT | |
| Edition statement | 5th ed. |
| 260 ## - | |
| -- | Hoboken, NJ : |
| -- | John Wiley & Sons, 2011, |
| -- | 2011 |
| 300 ## - PHYSICAL DESCRIPTION | |
| Extent | xvi, 768 p. : |
| Other physical details | ill. ; |
| Dimensions | 27 cm. |
| 336 ## - CONTENT TYPE | |
| Source | rdacontent |
| Content type term | text |
| Content type code | txt |
| 337 ## - MEDIA TYPE | |
| Media type term | unmediated |
| Source | rdamedia |
| Media type code | n |
| 338 ## - CARRIER TYPE | |
| Carrier type term | volume |
| Carrier type code | nc |
| Source | rdacarrier |
| 504 ## - BIBLIOGRAPHY, ETC. NOTE | |
| Bibliography, etc | Includes bibliographical references (p.749-750) and index |
| 650 #0 - SUBJECT ADDED ENTRY--TOPICAL TERM | |
| Topical term or geographic name as entry element | Statistics. |
| 9 (RLIN) | 25470 |
| 650 #0 - SUBJECT ADDED ENTRY--TOPICAL TERM | |
| Topical term or geographic name as entry element | Probabilities. |
| 9 (RLIN) | 25471 |
| 653 ## - INDEX TERM--UNCONTROLLED | |
| Resource For college | |
| Arrived date list | June2011 |
| 700 1# - ADDED ENTRY--PERSONAL NAME | |
| Personal name | Runger, George C. |
| 9 (RLIN) | 25472 |
| 856 42 - ELECTRONIC LOCATION AND ACCESS | |
| Materials specified | Publisher description |
| Uniform Resource Identifier | <a href="http://www.loc.gov/catdir/enhancements/fy0626/2005056261-d.html">http://www.loc.gov/catdir/enhancements/fy0626/2005056261-d.html</a> |
| 856 41 - ELECTRONIC LOCATION AND ACCESS | |
| Materials specified | Table of contents |
| Uniform Resource Identifier | <a href="http://www.loc.gov/catdir/enhancements/fy0626/2005056261-t.html">http://www.loc.gov/catdir/enhancements/fy0626/2005056261-t.html</a> |
| 942 ## - ADDED ENTRY ELEMENTS (KOHA) | |
| Source of classification or shelving scheme | Dewey Decimal Classification |
| Koha item type | Book - Borrowing |
| Classification part | RDA-MOD |
| Withdrawn status | Lost status | Source of classification or shelving scheme | Damaged status | Not for loan | Collection code | Home library | Current library | Shelving location | Date acquired | Source of acquisition | Cost, normal purchase price | Serial Enumeration / chronology | Total Checkouts | Total Renewals | Full call number | Barcode | Date last seen | Date checked out | Price effective from | Koha item type |
|---|---|---|---|---|---|---|---|---|---|---|---|---|---|---|---|---|---|---|---|---|
| Dewey Decimal Classification | Nile University | Central Library | Central Library | First floor | 19/06/2011 | 118.00 | 1830 | 5 | 21 | 519.5 MON | 000024243 | 15/07/2025 | 27/09/2018 | 19/06/2011 | Book - Borrowing |